000 00521nam a2200181Ia 4500
008 100917s9999 xx 000 0 und d
082 _b42917
100 _aअभ्यंकर शंकर
245 _aकिल्ले रायगड
260 _bमाधव अभ्यंकर
_c1980
300 _a21
365 _b8
520 _aप्रवास
630 _aकिल्ले रायगड
650 _aप्रवास
730 _aकिल्ले रायगड
942 _cBOOK
999 _c648311
_d648308